Southville International School and Colleges
Your cart is empty.
  • Cart
  • Lists
    Public lists Eva Luna New books Lux_list list_1
    Your lists Log in to create your own lists
  • Log in to your account
  • Your cookies
  • Search history
Southville International School and Colleges
  • Advanced search
  • Recent comments
  • Most popular
  • Libraries

Log in to your account

Log in with GOOGLE


If you do not have an external account, but do have a local account, you can still log in:

  1. Home
  2. MARC view: Fundamental of statistics
Normal view MARC view ISBD view

Fundamental of statistics (Record no. 365383)

[ view plain ]
MARC details
000 -LEADER
fixed length control field 00561nam a22001937a 4500
003 - CONTROL NUMBER IDENTIFIER
control field 0
005 - DATE AND TIME OF LATEST TRANSACTION
control field 20230925133641.0
008 - FIXED-LENGTH DATA ELEMENTS--GENERAL INFORMATION
fixed length control field 230925b xxu||||| |||| 00| 0 eng d
020 ## - INTERNATIONAL STANDARD BOOK NUMBER
International Standard Book Number 978-1-77469-070-3
050 ## - LIBRARY OF CONGRESS CALL NUMBER
Classification number QA 276.12
Item number .N38 2022
100 ## - MAIN ENTRY--PERSONAL NAME
Personal name Nauhwar, Manoj
245 ## - TITLE STATEMENT
Title Fundamental of statistics
Statement of responsibility, etc Manoj Nauhwar
260 ## - PUBLICATION, DISTRIBUTION, ETC. (IMPRINT)
Place of publication, distribution, etc Canada
Name of publisher, distributor, etc Arcler Press
Date of publication, distribution, etc c2022.
300 ## - PHYSICAL DESCRIPTION
Extent xii, 229 pages :
Other physical details col. ill. ;
Dimensions 24 cm.
500 ## - GENERAL NOTE
General note Statistics.
504 ## - BIBLIOGRAPHY, ETC. NOTE
Bibliography, etc Includes bibliographical references and index.<br/>
650 ## - SUBJECT ADDED ENTRY--TOPICAL TERM
Topical term or geographic name as entry element Statistics.
942 ## - ADDED ENTRY ELEMENTS (KOHA)
Source of classification or shelving scheme Library of Congress Classification
Koha item type Books
Holdings
Withdrawn status Lost status Source of classification or shelving scheme Damaged status Home library Current library Shelving location Date acquired Source of acquisition Sub Shelving location Total Checkouts Full call number Barcode Date last seen Price effective from Koha item type
    Library of Congress Classification   College Library College Library Reserve Section 09/25/2023 Library Fund     QA 276.12 .N38 2022 C23030 09/25/2023 09/25/2023 Books

Fundamental of statistics

APA

Nauhwar M., . (2022). Fundamental of statistics. Canada: Arcler Press.

Chicago

Nauhwar Manoj, . 2022. Fundamental of statistics. Canada: Arcler Press.

Harvard

Nauhwar M., . (2022). Fundamental of statistics. Canada: Arcler Press.

MLA

Nauhwar Manoj, . Fundamental of statistics. Canada: Arcler Press. 2022.

  • Place hold
  • Print
  • Cite
  • Add to your cart (remove)
  • Save record
    BIBTEX Dublin Core MARCXML MARC (non-Unicode/MARC-8) MARC (Unicode/UTF-8) MARC (Unicode/UTF-8, Standard) MODS (XML) RIS
  • More searches
    Search for this title in:
    Other Libraries (WorldCat) Other Databases (Google Scholar) Online Stores (Bookfinder.com) Open Library (openlibrary.org)

Exporting to Dublin Core...

SOUTHVILLE LIBRARY

Southville International School and Colleges Library

1281 Tropical Ave. Cor. Luxembourg St., BF Homes International, Las Pinas City

Tel. No. 8256374 / 252358 Loc. 117/146

Powered by Koha